000 00933nam a2200253Ia 4500
003 OSt
005 20220923213710.0
006 a|||||r|||| 00| 0
007 ta
008 220922b |||||||| |||| 00| 0 hin d
024 _a164,116
037 _cTextual
040 _aARTS
_cARTS
_bhin
041 _2hin
_ahin
082 _aO152,1N2:g, L3;M0
100 _aपाण्डेय, अम्बादत्त
245 0 _aछायावादी काव्य में लोक मंगल की भावना
246 _aChhāyāvādī kāvya mean lok hingal kī bhāvanā
260 _aदिल्ली
_b प्रेम प्रकाशन मन्दिर
_c1980
300 _a373 पृ.
_ccm.
650 _aहिन्दी साहित्य
_9156264
942 _hO152,1N2:g, L3;M0
_cTEXL
_2CC
999 _c318596
_d318596